| 000 | 01116nam a2200205 i 4500 | ||
|---|---|---|---|
| 001 | 161463 | ||
| 003 | ES-MaACL | ||
| 005 | 20230906212305.0 | ||
| 008 | 950419s1857 sp |||| | spa d | ||
| 040 |
_aEUS _bspa _cEUS |
||
| 100 | 1 |
_aParro, Sixto Ramón. _989269 |
|
| 245 | 1 | 0 |
_aToledo en la mano, ó Descripción histórico-artística de la magnífica catedral y de los demás célebres monumentos y cosas notables que encierra esta famosa ciudad, antigua córte de España, con una esplicación sucinta de la misa que se titula Muzárabe, y de las más principales ceremonias que se practican en las funciones y solemnidades religiosas de la Santa Iglesia Primada / _cpor Sisto Ramón Parro. |
| 260 |
_aToledo : _bImprenta y Librería de Severiano López Fando, _c1857. |
||
| 300 |
_a2 v. (VIII, 853 ; 666 p.) ; _c19 cm. |
||
| 530 | _aDisponible en formato digital. | ||
| 610 | 2 | 4 |
_aCatedral Primada de Toledo. _9145491 |
| 650 | 4 |
_aArquitectura- _zToledo. _9150895 |
|
| 852 |
_aES-MaACL _jC-15-16 _z-- Enc. hol. |
||
| 856 |
_uhttp://bdh-rd.bne.es/viewer.vm?id=0000201680&page=1 _zBiblioteca Digital Hispánica |
||
| 999 |
_c161463 _d161463 |
||